000 00544nam a2200205Ia 4500
005 20250923144702.0
008 008 250917s9999 xx 000 0 eng d
037 _aTextual
040 _aDSWL
_beng
_cDSWL
041 _aeng
_2eng
084 _qDSWL
100 _aDurbin, E.F.M.
_9827361
245 0 _aProblems of economic planning
_cby E.F.M. Durbin
260 _aRoutledge
_bRoutledge & Kegan Pual Ltd.
_c1955
300 _ax,214p.
365 _aINR
_b18
925 _g18
942 _cTEXL
999 _c1442025
_d1442025